Tìm hiểu truyện ngắn Nguyễn Công Hoan
Αποθηκεύτηκε σε:
| Κύριος συγγραφέας: | |
|---|---|
| Μορφή: | Βιβλίο |
| Έκδοση: |
H.
Khoa học xã hội
1979
|
| Θέματα: | |
| Ετικέτες: |
Προσθήκη ετικέτας
Δεν υπάρχουν, Καταχωρήστε ετικέτα πρώτοι!
|
| Thư viện lưu trữ: | Trung tâm Học liệu Lê Vũ Hùng, Trường Đại học Đồng Tháp |
|---|
| LEADER | 00831pam a22002298a 4500 | ||
|---|---|---|---|
| 001 | 00020066 | ||
| 008 | 110510s1979 ||||||Viesd | ||
| 005 | 20171026081022.0 | ||
| 041 | 0 | # | |a Vie |
| 082 | 1 | 4 | |a 895.922 33 |b T310H |
| 100 | 0 | # | |a Lê Thị Đức Hạnh |
| 245 | 0 | 0 | |a Tìm hiểu truyện ngắn Nguyễn Công Hoan |c Lê Thị Đức Hạnh |
| 260 | # | # | |a H. |b Khoa học xã hội |c 1979 |
| 300 | # | # | |a 319 tr. |c 19 cm. |
| 500 | # | # | |a ĐTTS ghi: Ủy ban khoa học xã hội Việt Nam. Viện Văn học |
| 650 | # | 4 | |a Văn học hiện đại |
| 653 | # | # | |a Nguyễn Công Hoan |
| 653 | # | # | |a Truyện ngắn |
| 852 | # | # | |b Kho đọc |j KD.0005189 |
| 852 | # | # | |j KD.0005189 |
| 910 | 0 | # | |a Hoa Lê |d 10/05/2011 |
| 980 | # | # | |a Trung tâm Học liệu Lê Vũ Hùng, Trường Đại học Đồng Tháp |